| 000 | 01092cam a22002891 4500 | ||
|---|---|---|---|
| 001 | gs 50000283 | ||
| 003 | DLC | ||
| 005 | 20260227111357.0 | ||
| 008 | 880115s1949 ag af 000 0 spa c | ||
| 010 | _ags 50000283 | ||
| 035 | _a(OCoLC)17352076 | ||
| 040 |
_aU.S. Geol. Survey. Libr. _cTxDaM _dTxDaM _dDLC |
||
| 043 | _as-ag--- | ||
| 050 | 0 | 0 |
_aQE231 _b.A3 no. 69 |
| 051 |
_aQE231 _b.H343 |
||
| 082 | _a558.2 | ||
| 100 | 1 |
_aHeim, Arnold, _d1882-1965. |
|
| 245 | 1 | 0 |
_aEstudio geológico del carbón "retico" y del valle de la Peña (provincias de San Juan y La Rioja) _cpor Arnold Heim, y Contribución petrográfica, por Verena Kull. |
| 260 |
_aBuenos Aires, _c1949. |
||
| 300 |
_a31 p. _billus., 12 plates. _c27 cm. |
||
| 490 | 1 |
_aRepública Argentina. Dirección General de Industria Minera. Boletín _vno. 69 |
|
| 500 | _aAt head of title: Ministerio de Industria y Comercio de la Nación. | ||
| 650 | 0 |
_aGeology _zArgentina. |
|
| 650 | 0 |
_aPetrology _zArgentina. |
|
| 700 | 1 | _aKull, Verena. | |
| 810 | 1 |
_aArgentina. _bDirección General de Minas y Geología. _tBoletín ; _vno. 69. |
|
| 999 |
_c28505 _d28505 |
||